[Event "Elit(Rockaden-Farsta)"]
[Site "?"]
[Date "2003.??.??"]
[Round "4"]
[White "Lobron, Eric"]
[Black "Svensk, Ingemar"]
[Result "1-0"]
[WhiteElo "2547"]
[BlackElo "2294"]
[PlyCount "51"]
[EventDate "2003.??.??"]

1. Nf3 d5 2. d4 Nf6 3. c4 e6 4. Nc3 Be7 5. Bg5 O-O 6. e3 Nbd7 7. Rc1 c6 8. a3
a6 9. Bd3 dxc4 10. Bxc4 Nd5 11. Bxe7 Qxe7 12. Ne2 N5b6 13. Ba2 e5 14. e4 c5 15.
d5 Qd6 16. Ng3 g6 17. Qd2 Nf6 18. Qg5 Re8 19. h4 Bd7 20. h5 Rac8 21. Nh4 Kf8
22. Rc3 Bg4 23. Rf3 Nbd7 24. hxg6 hxg6 25. Nxg6+ fxg6 26. Qxg4 1-0

[Event "Elit(Rockaden-Farsta)"]
[Site "?"]
[Date "2003.??.??"]
[Round "4"]
[White "Jaderberg, Bjorn"]
[Black "Hermansson, Emil"]
[Result "1/2-1/2"]
[WhiteElo "2290"]
[BlackElo "2526"]
[PlyCount "93"]
[EventDate "2003.??.??"]

1. c4 Nf6 2. Nc3 d5 3. cxd5 Nxd5 4. g3 c5 5. Bg2 Nc7 6. Nf3 Nc6 7. d3 e5 8. O-O
Be7 9. Be3 O-O 10. Rc1 Be6 11. Nd2 Qd7 12. Nde4 b6 13. Qa4 Nd4 14. Qxd7 Bxd7
15. Rfe1 Rac8 16. Ng5 Bg4 17. h3 Bd7 18. Kh2 Nf5 19. Bd2 f6 20. Nf3 Be6 21. b3
Rfd8 22. Ne4 Kf8 23. Nc3 Kf7 24. g4 Nd4 25. Be3 g5 26. Nd2 h5 27. gxh5 Rh8 28.
Nce4 Rxh5 29. Ng3 Rh7 30. Bxd4 exd4 31. e3 Nd5 32. Bxd5 Bxd5 33. Nde4 Rch8 34.
exd4 Rxh3+ 35. Kg1 Kg6 36. dxc5 Bxc5 37. Kf1 f5 38. Nxc5 Bf3 39. Re6+ Kf7 40.
Ke1 bxc5 41. Ra6 Re8+ 42. Kd2 Re5 43. Rxa7+ Ke6 44. Ra6+ Kd7 45. Ra7+ Ke6 46.
Ra6+ Kd7 47. Ra7+ 1/2-1/2

[Event "Elit(Rockaden-Farsta)"]
[Site "?"]
[Date "2003.??.??"]
[Round "4"]
[White "Ong, Kezli"]
[Black "Engqvist, Thomas"]
[Result "0-1"]
[WhiteElo "2279"]
[BlackElo "2418"]
[PlyCount "102"]
[EventDate "2003.??.??"]

1. e4 c6 2. d4 d5 3. Nd2 dxe4 4. Nxe4 Bf5 5. Ng3 Bg6 6. h4 h6 7. Nf3 Nf6 8. h5
Bh7 9. Bd3 Bxd3 10. Qxd3 e6 11. Bd2 c5 12. O-O-O Nc6 13. Bc3 Qd5 14. dxc5 Qxd3
15. Rxd3 Bxc5 16. Bxf6 gxf6 17. Ne4 Be7 18. Rhd1 Rd8 19. Rxd8+ Nxd8 20. Nd6+
Bxd6 21. Rxd6 Rg8 22. g3 Nc6 23. Kd2 Rg4 24. Rd3 Ke7 25. a3 b5 26. Rc3 Kd7 27.
Ke3 f5 28. Kd2 f6 29. Rd3+ Kc7 30. b3 a5 31. Rc3 e5 32. Rc5 f4 33. Rxb5 fxg3
34. fxg3 Rxg3 35. Nh4 Rg5 36. Nf3 Rxh5 37. b4 Rh3 38. Rc5 Kd6 39. Ke2 axb4 40.
axb4 Nxb4 41. Rc8 Nc6 42. Nd2 Kd7 43. Rf8 Nd4+ 44. Kf1 Ke7 45. Rc8 Rh2 46. Ke1
Kd7 47. Rc5 h5 48. Rd5+ Kc6 49. c4 Nc2+ 50. Kf1 Ne3+ 51. Kg1 Nxc4 0-1

[Event "Elit(Rockaden-Farsta)"]
[Site "?"]
[Date "2003.??.??"]
[Round "4"]
[White "Bator, Robert"]
[Black "Delveborn, Ingemar"]
[Result "1-0"]
[WhiteElo "2502"]
[BlackElo "2191"]
[PlyCount "83"]
[EventDate "2003.??.??"]

1. d4 d5 2. Nf3 Nf6 3. c4 c6 4. e3 e6 5. Bd3 Nbd7 6. O-O Bd6 7. Nbd2 O-O 8. e4
dxe4 9. Nxe4 Nxe4 10. Bxe4 f5 11. Bc2 Nf6 12. c5 Bc7 13. Bg5 h6 14. Bd2 Nd5 15.
Re1 Bd7 16. Bb3 Qf6 17. Ne5 Rad8 18. Bxd5 exd5 19. Qa4 a6 20. f4 Bc8 21. Ba5
Bxa5 22. Qxa5 Rde8 23. Re3 Kh7 24. Rae1 Re6 25. R1e2 Qh4 26. Rf2 Rfe8 27. Qd2
Qe7 28. Qd3 Qf8 29. g4 g6 30. gxf5 Qxf5 31. Qxf5 gxf5 32. Rg2 Rg8 33. Rxg8 Kxg8
34. Rg3+ Kf8 35. Kf2 Rf6 36. Ke3 Be6 37. Kd3 Ke7 38. Kc3 Bf7 39. Kb4 Re6 40.
Rg7 Rf6 41. Ka5 Kf8 42. Rxf7+ 1-0

[Event "Elit(Solna-Passanten)"]
[Site "?"]
[Date "2003.??.??"]
[Round "4"]
[White "Solozhenkin, Evgeniy"]
[Black "Callergard, Robert"]
[Result "1-0"]
[WhiteElo "2510"]
[BlackElo "2356"]
[PlyCount "78"]
[EventDate "2003.??.??"]

1. d4 Nf6 2. c4 e6 3. Nf3 Bb4+ 4. Nbd2 b6 5. a3 Bxd2+ 6. Bxd2 h6 7. g3 Bb7 8.
Bg2 O-O 9. O-O d6 10. b4 Nbd7 11. Bc3 Ne4 12. Bb2 a5 13. d5 Ndf6 14. Nh4 axb4
15. axb4 Rxa1 16. Bxa1 b5 17. Qc2 exd5 18. cxd5 Bxd5 19. Rd1 Ba8 20. Rc1 c5 21.
f3 Ng5 22. bxc5 dxc5 23. Qxc5 Qd2 24. Bxf6 gxf6 25. Nf5 Ne6 26. Qc2 Qxc2 27.
Rxc2 b4 28. e4 Rb8 29. Bf1 b3 30. Rb2 Rb4 31. Nd6 Nc5 32. Bc4 Kf8 33. Kf2 Ke7
34. Nf5+ Kd7 35. Ne3 Bc6 36. Ke1 Na4 37. Rxb3 Rxb3 38. Bxb3 Nc5 39. Bxf7 39...
Kd6 {Tid} 1-0

[Event "Elit(SodraSASS-Solna)"]
[Site "?"]
[Date "2003.??.??"]
[Round "5"]
[White "Jonsson, Mikael"]
[Black "Kulaots, Kaido"]
[Result "0-1"]
[WhiteElo "2373"]
[BlackElo "2593"]
[PlyCount "61"]
[EventDate "2003.??.??"]

1. e4 c5 2. Nf3 d6 3. d4 cxd4 4. Nxd4 Nf6 5. Nc3 a6 6. f4 e6 7. Qf3 Qb6 8. Nb3
Nc6 9. Be3 Qc7 10. g4 b5 11. g5 Nd7 12. O-O-O Nb6 13. Kb1 Rb8 14. h4 Na4 15.
Ne2 d5 16. Ng3 Bb7 17. Rh2 dxe4 18. Nxe4 Nb4 19. Bd4 Nc6 20. Bf6 Nb6 21. Rhd2
Nd5 22. f5 Qf4 23. Qe2 Ne3 24. Na5 Nxd1 25. Nxb7 Ne3 26. Nbd6+ Bxd6 27. Nxd6+
Kf8 28. Bh3 gxf6 29. Qh5 Ne5 30. Qh6+ Kg8 31. a3 {Tid} 0-1

[Event "Elit(SodraSASS-Solna)"]
[Site "?"]
[Date "2003.??.??"]
[Round "5"]
[White "Bergstrom, Christer"]
[Black "Akesson, Ralf"]
[Result "0-1"]
[WhiteElo "2354"]
[BlackElo "2542"]
[PlyCount "86"]
[EventDate "2003.??.??"]

1. d4 Nf6 2. c4 g6 3. Nc3 d5 4. cxd5 Nxd5 5. Nf3 Bg7 6. e3 O-O 7. Bc4 Nxc3 8.
bxc3 c5 9. O-O Qc7 10. Qe2 b6 11. a4 Nc6 12. Ba3 Na5 13. Bd3 Bb7 14. Rab1 Bc6
15. Bb5 Be4 16. Bd3 Bxd3 17. Qxd3 Rfd8 18. Qe4 Nc4 19. Bc1 cxd4 20. cxd4 Rac8
21. Qh4 Qd7 22. Ra1 e5 23. dxe5 Nxe5 24. Nxe5 Bxe5 25. Rb1 Qd3 26. Bb2 Rc4 27.
Qe7 Bxb2 28. Rxb2 Rxa4 29. h3 Qd7 30. Qf6 Qd6 31. Qg5 Ra5 32. Qg4 Rd5 33. Rbb1
a5 34. Qc4 Rc5 35. Qa6 Rb8 36. Rfd1 Qc7 37. e4 b5 38. Qf6 Rc6 39. Qd4 b4 40. e5
b3 41. Qa4 b2 42. Qf4 Rc2 43. h4 Re2 0-1

[Event "Elit(SodraSASS-Solna)"]
[Site "?"]
[Date "2003.??.??"]
[Round "5"]
[White "Steneskog, Per"]
[Black "Furhoff, Johan"]
[Result "1/2-1/2"]
[WhiteElo "2245"]
[BlackElo "2424"]
[PlyCount "48"]
[EventDate "2003.??.??"]

1. d4 d5 2. c4 c6 3. Nf3 Nf6 4. Nc3 dxc4 5. a4 Bf5 6. Ne5 e6 7. f3 Bb4 8. e4 c5
9. dxc5 Qxd1+ 10. Kxd1 Bg6 11. Nb5 Na6 12. Nd6+ Ke7 13. Nxb7 Rac8 14. Be3 Nxc5
15. Bxc5+ Bxc5 16. Nxc5 Rxc5 17. Nxc4 Rd8+ 18. Ke1 Nd7 19. Be2 f5 20. b4 Rc7
21. e5 f4 22. Kf2 Rdc8 23. Nd6 Rb8 24. Rac1 Rxc1 1/2-1/2

[Event "Elit(SodraSASS-Solna)"]
[Site "?"]
[Date "2003.??.??"]
[Round "5"]
[White "Welin, Thomas"]
[Black "Landgren, Andreas"]
[Result "1/2-1/2"]
[WhiteElo "2412"]
[BlackElo "2219"]
[PlyCount "106"]
[EventDate "2003.??.??"]

1. Nf3 c5 2. b3 d6 3. Bb2 e5 4. c4 g6 5. g3 Bg7 6. Bg2 Ne7 7. Nc3 O-O 8. O-O
Nbc6 9. Ne1 Be6 10. Nd5 Qd7 11. Nc2 Bh3 12. d3 Bxg2 13. Kxg2 Nxd5 14. cxd5 Ne7
15. e4 f5 16. f4 Rf7 17. fxe5 dxe5 18. Ne3 Re8 19. Qc2 b6 20. a4 Nc8 21. a5 h5
22. axb6 axb6 23. Nc4 h4 24. gxh4 fxe4 25. Rxf7 Qxf7 26. dxe4 b5 27. Rf1 Qe7
28. Ne3 Qxh4 29. h3 Bh6 30. Ng4 Bf4 31. Qc3 b4 32. Qd3 Re7 33. Rxf4 exf4 34.
Bf6 Qe1 35. Bxe7 Nxe7 36. d6 Nc6 37. d7 Qg3+ 38. Qxg3 fxg3 39. Ne5 Nd8 40. Nd3
c4 41. bxc4 b3 42. Kxg3 Kf7 43. Kf4 Ke7 44. Ke3 Ne6 45. Kd2 Ng5 46. Nc5 Nxh3
47. Kc3 g5 48. e5 g4 49. Ne4 Nf4 50. Kxb3 Ng6 51. e6 Nf4 52. c5 Nxe6 53. Kc4
Kxd7 1/2-1/2

[Event "Elit(SodraSASS-Solna)"]
[Site "?"]
[Date "2003.??.??"]
[Round "5"]
[White "Bjarnehag, Peter"]
[Black "Lundvik, Jonas"]
[Result "1-0"]
[WhiteElo "2221"]
[BlackElo "2296"]
[PlyCount "79"]
[EventDate "2003.??.??"]

1. Nf3 c5 2. c4 Nc6 3. d4 cxd4 4. Nxd4 e5 5. Nb5 a6 6. Nd6+ Bxd6 7. Qxd6 Qf6 8.
Qd1 Qg6 9. Nc3 Nf6 10. f3 O-O 11. e4 Rb8 12. Be3 d6 13. Qd2 Be6 14. Bd3 b5 15.
cxb5 Nb4 16. Bb1 axb5 17. O-O Rfd8 18. Rd1 Rd7 19. a3 Na6 20. b4 Nc7 21. Qf2
Nh5 22. Bd3 f5 23. exf5 Bxf5 24. Qa2+ Kh8 25. Bxf5 Qxf5 26. Nd5 Nxd5 27. Qxd5
Nf6 28. Qc6 d5 29. Rac1 h6 30. Rc5 Rdb7 31. Rcc1 d4 32. Bf2 Rb6 33. Qc2 Qg5 34.
Qd2 Qg6 35. Qc2 Qf7 36. f4 Ng4 37. fxe5 Qh5 38. h3 Nxe5 39. Bxd4 Rc6 40. Qe4 {
Tid} 1-0

[Event "Elit(SodraSASS-Solna)"]
[Site "?"]
[Date "2003.??.??"]
[Round "5"]
[White "Winge, Stefan"]
[Black "Dalmau, Jorgen"]
[Result "1-0"]
[WhiteElo "2279"]
[BlackElo "2119"]
[PlyCount "85"]
[EventDate "2003.??.??"]

1. e4 e5 2. Bc4 Nf6 3. d3 Bc5 4. Nf3 d6 5. c3 O-O 6. O-O a6 7. Nbd2 Nc6 8. Bb3
Ba7 9. Re1 Kh8 10. h3 Be6 11. Nf1 Qd7 12. Ng3 Rae8 13. Be3 Bxe3 14. Rxe3 d5 15.
Ng5 Na5 16. Nh5 Ng8 17. Nxe6 fxe6 18. Ba4 b5 19. Bc2 d4 20. Re1 c5 21. Qd2 Nc6
22. Rac1 Nge7 23. Bd1 Ng6 24. c4 b4 25. Ba4 Re7 26. Qg5 Ref7 27. Rf1 Qc7 28. a3
bxa3 29. bxa3 Nce7 30. Qd2 Nh4 31. Rb1 Neg6 32. Bd1 Nf4 33. Nxf4 Rxf4 34. Rb2
Qe7 35. Kh2 Qg5 36. g3 Qh6 37. gxf4 exf4 38. Rg1 f3 39. Qxh6 gxh6 40. Rg4 Ng6
41. Kg3 Ne5 42. Bc2 Nxg4 43. hxg4 1-0

[Event "Elit(Sollentuna-Farsta)"]
[Site "?"]
[Date "2003.??.??"]
[Round "5"]
[White "Lindberg, Bengt"]
[Black "Ivanov, Sergej"]
[Result "0-1"]
[WhiteElo "2515"]
[BlackElo "2657"]
[PlyCount "110"]
[EventDate "2003.??.??"]

1. e4 e6 2. d4 d5 3. Nc3 Bb4 4. e5 c5 5. a3 Bxc3+ 6. bxc3 Ne7 7. Qg4 O-O 8. Bd3
Qa5 9. Bd2 Nbc6 10. Nf3 f5 11. exf6 Rxf6 12. Qh5 Nf5 13. c4 Qa4 14. g4 dxc4 15.
Be4 Ncxd4 16. Nxd4 cxd4 17. O-O Bd7 18. gxf5 exf5 19. Bd5+ Be6 20. Bxb7 Rb8 21.
Qf3 Qxc2 22. Bf4 Rd8 23. Kh1 h6 24. Bc7 Rd7 25. Be5 Rff7 26. Bc6 Rd8 27. Rfc1
Qb3 28. Qxb3 cxb3 29. Rd1 d3 30. Rab1 f4 31. Be4 Bd5 32. Bxd5 Rxd5 33. Bc3 Rb7
34. Kg2 g5 35. Kf3 Rd8 36. Rd2 Kf7 37. Rdb2 Kg6 38. h3 Kf5 39. Bd2 Rdb8 40. Rc1
Ke5 41. Bb4 Rb5 42. Re1+ Kf5 43. Rd1 Rd5 44. Bc3 h5 45. Rdb1 Rc8 46. Bd2 g4+
47. Kg2 Rc2 48. hxg4+ hxg4 49. Kf1 Rd7 50. a4 a6 51. f3 g3 52. Kg1 Re7 53. Rxc2
bxc2 54. Rb4 Re1+ 55. Bxe1 c1=Q 0-1

[Event "Elit(Sollentuna-Farsta)"]
[Site "?"]
[Date "2003.??.??"]
[Round "5"]
[White "Agrest, Evgenij"]
[Black "Hjelm, Niclas"]
[Result "1-0"]
[WhiteElo "2721"]
[BlackElo "2422"]
[PlyCount "65"]
[EventDate "2003.??.??"]

1. e4 e5 2. Nf3 Nc6 3. Bb5 Nf6 4. O-O Nxe4 5. d4 Nd6 6. dxe5 Nxb5 7. a4 Nbd4 8.
Nxd4 Nxd4 9. Qxd4 d5 10. exd6 Qxd6 11. Qe3+ Be7 12. Nc3 c6 13. Ne4 Qe6 14. f4
f5 15. Nf2 O-O 16. Re1 Qxe3 17. Bxe3 Kf7 18. Bd4 Bh4 19. g3 Bd8 20. Nd3 g6 21.
Rad1 Bc7 22. Bc5 Bb6 23. Re7+ Kg8 24. Bxb6 axb6 25. Ne5 Rxa4 26. b3 Re4 27. Rd6
b5 28. Kf2 b4 29. h4 c5 30. h5 gxh5 31. Rh6 Rd8 32. Rhxh7 Rd2+ 33. Kf3 1-0

[Event "Elit(Sollentuna-Farsta)"]
[Site "?"]
[Date "2003.??.??"]
[Round "5"]
[White "Degerman, Lars"]
[Black "Berg, Emanuel"]
[Result "1/2-1/2"]
[WhiteElo "2515"]
[BlackElo "2542"]
[PlyCount "35"]
[EventDate "2003.??.??"]

1. d4 e6 2. c4 Nf6 3. Nf3 b6 4. Nc3 Bb4 5. Bg5 h6 6. Bh4 g5 7. Bg3 Ne4 8. Qc2
Bb7 9. e3 Bxc3+ 10. bxc3 d6 11. Bd3 Nxg3 12. hxg3 Nd7 13. Be4 Bxe4 14. Qxe4 Nf6
15. Qd3 Nd7 16. Qe4 Nf6 17. Qd3 Nd7 18. Qe4 1/2-1/2

[Event "Elit(Sollentuna-Farsta)"]
[Site "?"]
[Date "2003.??.??"]
[Round "5"]
[White "Couso, Luis"]
[Black "Jaderberg, Bjorn"]
[Result "1/2-1/2"]
[WhiteElo "2448"]
[BlackElo "2290"]
[PlyCount "102"]
[EventDate "2003.??.??"]

1. e4 d5 2. exd5 Qxd5 3. Nc3 Qd6 4. d4 Nf6 5. Bc4 c6 6. Qd3 Bg4 7. Nge2 e6 8.
Bf4 Qd8 9. Ng3 Nbd7 10. O-O Be7 11. h3 Bh5 12. Nxh5 Nxh5 13. Bh2 Nb6 14. Bb3
O-O 15. Ne4 Nf6 16. c4 Nxe4 17. Qxe4 Bf6 18. Rad1 Re8 19. Bc2 g6 20. b3 Bg7 21.
Rfe1 a5 22. Bf4 Qd7 23. h4 a4 24. h5 axb3 25. axb3 Ra5 26. hxg6 hxg6 27. Re3
Rea8 28. Be5 Nc8 29. Bxg7 Kxg7 30. d5 cxd5 31. Qd4+ f6 32. Bxg6 Ne7 33. Rf3 e5
34. Qh4 Nxg6 35. Qxf6+ Kh7 36. Rh3+ Qxh3 37. Qf7+ Kh6 38. gxh3 d4 39. Qxb7 Rf8
40. Qd7 Ra2 41. Rf1 Rc2 42. Qd6 Rf3 43. h4 Rf4 44. Kg2 Kh5 45. Qd7 Rg4+ 46. Kh2
Rxh4+ 47. Kg3 Rc3+ 48. f3 Kg5 49. Re1 Rf4 50. Qd8+ Kf5 51. Qd7+ Kg5 1/2-1/2

[Event "Elit(Sollentuna-Farsta)"]
[Site "?"]
[Date "2003.??.??"]
[Round "5"]
[White "Carlsson, Pontus"]
[Black "Lindeman, Sven"]
[Result "1/2-1/2"]
[WhiteElo "2395"]
[BlackElo "2216"]
[PlyCount "48"]
[EventDate "2003.??.??"]

1. e4 e5 2. Nf3 Nc6 3. Bb5 a6 4. Ba4 Nf6 5. O-O Be7 6. Re1 b5 7. Bb3 O-O 8. h3
Bb7 9. d3 d6 10. a3 Nb8 11. Nbd2 c5 12. Nf1 Qc7 13. Ng3 g6 14. Qe2 Nbd7 15. c3
Rfe8 16. Bg5 Bf8 17. Nh2 h6 18. Bxf6 Nxf6 19. Ng4 Nxg4 20. hxg4 Be7 21. Nf1 Bg5
22. Ne3 Bxe3 23. Qxe3 Kg7 24. f3 a5 1/2-1/2

[Event "Elit(Sollentuna-Farsta)"]
[Site "?"]
[Date "2003.??.??"]
[Round "5"]
[White "Delveborn, Ingemar"]
[Black "Lindberg, Bosse"]
[Result "0-1"]
[WhiteElo "2191"]
[BlackElo "2379"]
[PlyCount "92"]
[EventDate "2003.??.??"]

1. c4 g6 2. g3 Bg7 3. Bg2 c5 4. Nc3 Nc6 5. Nf3 e5 6. d3 Nge7 7. O-O O-O 8. Ne1
d6 9. Nc2 Be6 10. Ne3 Rb8 11. Ned5 a6 12. Rb1 b5 13. b3 Qd7 14. Nxe7+ Nxe7 15.
Nd5 Nxd5 16. cxd5 Bh3 17. e4 Bxg2 18. Kxg2 f5 19. f3 h5 20. h3 f4 21. g4 Bf6
22. Bd2 b4 23. Be1 Qe7 24. Rb2 Kf7 25. Rh1 Rh8 26. Kg1 a5 27. Rg2 Rb7 28. Rhh2
Qd8 29. Qc2 Bh4 30. Bxh4 Qxh4 31. Qf2 Qxf2+ 32. Kxf2 a4 33. Ke1 Ra7 34. bxa4
Rxa4 35. Rb2 Kf6 36. Rhd2 hxg4 37. hxg4 Rh1+ 38. Ke2 Ra8 39. d4 exd4 40. Kd3
Ke5 41. Kc4 Ra3 42. Rb3 Rc1+ 43. Kb5 Rxb3 44. axb3 Rc3 45. Rh2 d3 46. Kc6 Rxb3
0-1

[Event "Elit(Sollentuna-Farsta)"]
[Site "?"]
[Date "2003.??.??"]
[Round "5"]
[White "Eriksson, Jonas"]
[Black "Wieweg, Johnny"]
[Result "1-0"]
[WhiteElo "2377"]
[BlackElo "2187"]
[PlyCount "79"]
[EventDate "2003.??.??"]

1. d4 Nf6 2. c4 g6 3. Nc3 Bg7 4. e4 d6 5. Nge2 O-O 6. Ng3 e5 7. d5 Nbd7 8. Be2
a5 9. h4 h5 10. Bg5 Re8 11. f3 Nf8 12. Qd2 Bd7 13. Nf1 Qc8 14. Bh6 Kh7 15. Bxg7
Kxg7 16. Ne3 Qb8 17. g4 Qa7 18. O-O-O Qc5 19. Rdg1 N8h7 20. Bd3 Rh8 21. Kb1 a4
22. a3 Ra6 23. g5 Ne8 24. Nc2 c6 25. f4 Nc7 26. Rf1 b5 27. cxb5 Nxb5 28. Nxb5
cxb5 29. Rh2 Ra7 30. f5 Rb8 31. Rhf2 Be8 32. fxg6 fxg6 33. Nb4 Qc8 34. Rf3 Qg4
35. Qf2 Rbb7 36. Nc6 Ra8 37. Rf8 Rc7 38. Nd4 Nxf8 39. Qxf8+ Kh7 40. Qh6+ 1-0

[Event "Elit(Passanten-Rockaden)"]
[Site "?"]
[Date "2003.??.??"]
[Round "5"]
[White "Cramling, Dan"]
[Black "Lobron, Eric"]
[Result "1/2-1/2"]
[WhiteElo "2394"]
[BlackElo "2547"]
[PlyCount "49"]
[EventDate "2003.??.??"]

1. c4 Nf6 2. Nc3 e5 3. Nf3 Nc6 4. e3 Be7 5. a3 O-O 6. b4 d6 7. Be2 Re8 8. d3
Bf8 9. O-O g6 10. Bb2 Bg7 11. Qb3 h6 12. Rad1 Be6 13. d4 exd4 14. Nxd4 Nxd4 15.
Rxd4 Nd7 16. Rd2 a5 17. Nb5 Bxb2 18. Qxb2 axb4 19. axb4 Ne5 20. Qc3 Bd7 21. c5
Bxb5 22. Bxb5 Qf6 23. Rc1 Re6 24. cxd6 Rxd6 25. Rxd6 1/2-1/2

[Event "Elit(Passanten-Rockaden)"]
[Site "?"]
[Date "2003.??.??"]
[Round "5"]
[White "Andersson, Mats"]
[Black "Karlsson, Lars"]
[Result "0-1"]
[WhiteElo "2365"]
[BlackElo "2532"]
[PlyCount "117"]
[EventDate "2003.??.??"]

1. d4 e6 2. Nf3 f5 3. Bf4 Nf6 4. e3 d6 5. Nbd2 Nc6 6. c3 g6 7. Bb5 Bg7 8. Qe2
O-O 9. h3 Qe7 10. Bh2 Bd7 11. a4 a6 12. Bc4 Kh8 13. b4 e5 14. dxe5 dxe5 15. O-O
e4 16. Nd4 Ne5 17. N2b3 Be8 18. a5 Nfd7 19. Rab1 c6 20. Be6 Bf7 21. Bxe5 Nxe5
22. Nc5 Nf3+ 23. gxf3 Bxd4 24. Bxf7 Bxc5 25. Ba2 Bd6 26. f4 g5 27. Qd2 gxf4 28.
exf4 Qg7+ 29. Kh1 Qh6 30. Qd4+ Rf6 31. Kg2 Qg7+ 32. Kh1 Bxf4 33. Rg1 Rg6 34.
Qxg7+ Kxg7 35. Rbd1 Rxg1+ 36. Kxg1 Kg6 37. Rd7 Rb8 38. Kg2 h5 39. Be6 Kf6 40.
Bb3 h4 41. Rf7+ Kg6 42. Rd7 Be5 43. c4 Bc3 44. b5 Bxa5 45. Ba4 c5 46. Rd5 Bb4
47. bxa6 bxa6 48. Bd7 Rf8 49. Rd6+ Rf6 50. Rd5 a5 51. Kf1 Kg5 52. Ke2 Kf4 53.
Ba4 Bc3 54. Rxc5 Rd6 55. Rd5 Rxd5 56. cxd5 Bb4 57. Bc2 Bc5 58. Ba4 Ke5 59. Bc6
0-1

[Event "Elit(Passanten-Rockaden)"]
[Site "?"]
[Date "2003.??.??"]
[Round "5"]
[White "Hermansson, Emil"]
[Black "Larsson, Per"]
[Result "1/2-1/2"]
[WhiteElo "2526"]
[BlackElo "2345"]
[PlyCount "51"]
[EventDate "2003.??.??"]

1. d4 Nf6 2. c4 e6 3. Nc3 Bb4 4. Qc2 O-O 5. a3 Bxc3+ 6. Qxc3 b6 7. Bg5 h6 8.
Bh4 Ba6 9. e3 d6 10. Bd3 Nbd7 11. Nf3 c5 12. O-O cxd4 13. exd4 Rc8 14. b3 b5
15. Qb4 bxc4 16. Bxc4 Bxc4 17. bxc4 Qb6 18. Rfc1 Rc6 19. Rc2 Rfc8 20. Rac1 Qa6
21. Nd2 Nd5 22. Qb3 N5b6 23. Bg3 e5 24. dxe5 dxe5 25. h3 Na4 26. Qe3 1/2-1/2

[Event "Elit(Passanten-Rockaden)"]
[Site "?"]
[Date "2003.??.??"]
[Round "5"]
[White "Johansen, Peter"]
[Black "Bjork, Carl-Magnus"]
[Result "0-1"]
[WhiteElo "2146"]
[BlackElo "2475"]
[PlyCount "116"]
[EventDate "2003.??.??"]

1. e4 e6 2. d4 d5 3. exd5 exd5 4. Bd3 Nc6 5. c3 Bd6 6. Ne2 Qf6 7. Qc2 Nge7 8.
Nd2 Bg4 9. Nf1 O-O-O 10. Ne3 Be6 11. Bd2 h5 12. h4 g6 13. O-O-O Kb8 14. Rdf1
Qg7 15. g3 f6 16. f4 f5 17. Bb5 a6 18. Bxc6 Nxc6 19. Ng1 Ne7 20. b4 Ng8 21. Nf3
Nf6 22. Ng5 Rhe8 23. Re1 Bg8 24. Nd1 Qd7 25. Nb2 Ne4 26. Nxe4 dxe4 27. Nd1 Bc4
28. Kb2 Bf8 29. Be3 Re6 30. Ka1 Rc6 31. Rh2 Qf7 32. Bc1 a5 33. bxa5 Ra6 34. Ne3
Rxa5 35. Nxc4 Qxc4 36. Be3 Ra3 37. Rc1 Rd6 38. Qe2 Qa4 39. Qc2 Qa5 40. Bd2 Ra6
41. Be1 Qd5 42. Rb1 R6a4 43. Rb2 Kc8 44. Kb1 Ra6 45. Qe2 c6 46. Qf1 Rxa2 47.
Rxa2 Qb3+ 48. Kc1 Rxa2 49. Rxa2 Qxa2 50. Kd1 Ba3 51. Bd2 Qb1+ 52. Ke2 Qd3+ 53.
Ke1 Qxg3+ 54. Kd1 Qxh4 55. Qc4 Qf6 56. d5 Be7 57. dxc6 Qxc6 58. Qg8+ Kd7 0-1

[Event "Elit(Kamraterna-Schack08)"]
[Site "?"]
[Date "2003.??.??"]
[Round "5"]
[White "Petrov, Miriam"]
[Black "Svensson, Bengt"]
[Result "1/2-1/2"]
[WhiteElo "2517"]
[BlackElo "2420"]
[PlyCount "199"]
[EventDate "2003.??.??"]

1. e4 c5 2. Nf3 Nc6 3. d4 cxd4 4. Nxd4 Nf6 5. Nc3 e5 6. Ndb5 d6 7. Nd5 Nxd5 8.
exd5 Nb8 9. c4 a6 10. Nc3 Be7 11. Bd3 O-O 12. O-O f5 13. f3 Nd7 14. Kh1 Nf6 15.
Rb1 Nh5 16. b4 Kh8 17. Be3 Bg5 18. Bf2 Qf6 19. Ne2 Qh6 20. Qc2 Bd7 21. Ng3
Nxg3+ 22. Bxg3 Rac8 23. a4 Be3 24. a5 Rf6 25. Qe2 Qg5 26. Bf2 Bxf2 27. Qxf2 f4
28. c5 Bf5 29. Bxf5 Qxf5 30. Rfc1 e4 31. fxe4 Qxe4 32. Qf3 Qf5 33. c6 bxc6 34.
dxc6 d5 35. b5 axb5 36. Rxb5 Rfxc6 37. Rxc6 Rxc6 38. Rb8+ Rc8 39. Qxd5 Qf8 40.
Rxc8 Qxc8 41. h3 h6 42. Kg1 Qc1+ 43. Kf2 Qe3+ 44. Kf1 Qc1+ 45. Ke2 Qe3+ 46. Kd1
Qc3 47. h4 Kh7 48. h5 Kh8 49. Qa8+ Kh7 50. Qe4+ Kh8 51. Qe8+ Kh7 52. Qg6+ Kh8
53. a6 Qd4+ 54. Kc2 f3 55. gxf3 Qf2+ 56. Kc3 Qxf3+ 57. Kb4 Qf4+ 58. Kb5 Qe5+
59. Kc6 Qc3+ 60. Kb7 Qb4+ 61. Qb6 Qe7+ 62. Kc8 Kh7 63. Qg6+ Kh8 64. Qc6 Kh7 65.
Qc1 Kh8 66. Qc7 Qe6+ 67. Kb7 Qd5+ 68. Qc6 Qf7+ 69. Kb8 Qf4+ 70. Qc7 Qb4+ 71.
Ka8 Kh7 72. Qc2+ Kh8 73. Qc8+ Kh7 74. Qf5+ Kh8 75. a7 Qb6 76. Qc8+ Kh7 77. Qe8
Qc7 78. Qe4+ Kh8 79. Qb7 Qc5 80. Kb8 Qe5+ 81. Qc7 Qb5+ 82. Kc8 Qf5+ 83. Qd7
Qc5+ 84. Kd8 Qg5+ 85. Qe7 Qd5+ 86. Qd7 Qg5+ 87. Kc7 Qc5+ 88. Kb8 Qb6+ 89. Qb7
Qd6+ 90. Qc7 Qb4+ 91. Kc8 Qg4+ 92. Qd7 Qc4+ 93. Kd8 Qh4+ 94. Qe7 Qd4+ 95. Ke8
Qa4+ 96. Kf8 Qf4+ 97. Qf7 Qb4+ 98. Ke8 Qe4+ 99. Qe7 Qa8+ 100. Kf7 1/2-1/2

[Event "Elit(Kamraterna-Schack08)"]
[Site "?"]
[Date "2003.??.??"]
[Round "5"]
[White "Andreasson, Ingvar"]
[Black "Laveryd, Peter"]
[Result "1-0"]
[WhiteElo "2389"]
[BlackElo "2459"]
[PlyCount "45"]
[EventDate "2003.??.??"]

1. b3 d5 2. e3 Nf6 3. Bb2 e6 4. f4 b6 5. Nf3 Be7 6. Bb5+ c6 7. Be2 Nbd7 8. O-O
O-O 9. Qe1 Ne4 10. d3 Nd6 11. Nbd2 c5 12. e4 Bb7 13. Qg3 f6 14. Qg4 dxe4 15.
dxe4 e5 16. Rad1 Bc8 17. Nc4 Nf7 18. fxe5 fxe5 19. Qg3 Qe8 20. Ncxe5 Nfxe5 21.
Nxe5 Nf6 22. Bc4+ Kh8 23. Nf7+ 1-0

[Event "Elit(Kamraterna-Schack08)"]
[Site "?"]
[Date "2003.??.??"]
[Round "5"]
[White "Renman, Nils-Gustaf"]
[Black "Aberg, Anton"]
[Result "1/2-1/2"]
[WhiteElo "2416"]
[BlackElo "2485"]
[PlyCount "68"]
[EventDate "2003.??.??"]

1. d4 Nf6 2. Nf3 g6 3. c4 Bg7 4. Nc3 d5 5. cxd5 Nxd5 6. e4 Nxc3 7. bxc3 c5 8.
Be3 O-O 9. Qd2 Qa5 10. Rb1 cxd4 11. cxd4 Qxd2+ 12. Kxd2 Nc6 13. d5 Rd8 14. Bd3
Na5 15. Bg5 f6 16. Bf4 e5 17. Be3 b6 18. Ke2 Bf8 19. Nd2 Nb7 20. Rhc1 Nc5 21.
Bb5 Be7 22. f3 f5 23. Nb3 Nb7 24. Rc7 Bd6 25. Rc2 fxe4 26. fxe4 Be7 27. Rbc1
Ba3 28. Rf1 Nd6 29. Bd3 Bg4+ 30. Ke1 Rac8 31. Rff2 Rxc2 32. Rxc2 Rc8 33. Rxc8+
Bxc8 34. Nd2 Kg7 1/2-1/2

[Event "Elit(Kamraterna-Schack08)"]
[Site "?"]
[Date "2003.??.??"]
[Round "5"]
[White "Karlsson, Tomas"]
[Black "Madebrink, Lars"]
[Result "1-0"]
[WhiteElo "2297"]
[BlackElo "2259"]
[PlyCount "119"]
[EventDate "2003.??.??"]

1. e4 d5 2. exd5 Nf6 3. Nc3 Nxd5 4. Bc4 Nxc3 5. Qf3 e6 6. Qxc3 Nd7 7. Nf3 Qf6
8. d4 h6 9. O-O Bd6 10. Re1 O-O 11. Ne5 c5 12. Qg3 Nb6 13. Bd3 cxd4 14. f4 h5
15. Qf3 g6 16. Qe4 Qe7 17. Kh1 Nd7 18. Nxg6 fxg6 19. Qxg6+ Qg7 20. Qxe6+ Kh8
21. Qxd6 Nf6 22. Qxd4 Bd7 23. Re5 Rae8 24. Bd2 Rxe5 25. Qxe5 Bc6 26. Qg5 Qxg5
27. fxg5 Ne4 28. Be3 Nf2+ 29. Kg1 Nxd3 30. cxd3 Rd8 31. d4 Kh7 32. g3 Bd5 33.
b3 a6 34. Rc1 Kg6 35. Rf1 Rc8 36. Rf6+ Kg7 37. Rd6 Be4 38. d5 Rc2 39. Bd4+ Kf7
40. Rf6+ Kg8 41. g6 Rd2 42. Bc3 Rd3 43. Re6 Rxc3 44. Rxe4 Rd3 45. Re5 Kg7 46.
Rxh5 Kxg6 47. Re5 Kf6 48. Re2 Rxd5 49. Kg2 Rd3 50. h4 b5 51. Rc2 Kf5 52. Kh3
Rd6 53. Rc5+ Kg6 54. h5+ Kg7 55. Kh4 Rd2 56. Kg5 Rxa2 57. h6+ Kf7 58. Rc7+ Kf8
59. h7 Rh2 60. Kg6 1-0